mega mega trudny quiz (dla geomexa i innych) - Statystyki

Ogólne statystyki
  • Ten quiz został rozwiązany 85 razy
  • Średni wynik to 6 z 15
Statystyki odpowiedzi
Hint Odpowiedź % Poprawnych
level 20 największe państwo w afryce algieria
80%
level 0 czy podoba ci się ten quiz? tak
80%
level 15 najzimniejsza wyspa na świecie grenlandia
67%
level 50 kto ma dostęp do zatoki meksykańskiej oprucz USA MEKSYK kuba
67%
level 30 stolica madagaskaru antananarywa
61%
level 5 do kogo należy ziemia ognista argentyna
60%
level 65 na ilu kontynentach leży hiszpania dwóch
60%
level 1 w jakim kraju jest rzeka ob rosja
56%
level 10 kraj w azji który został skolonizowany przez hiszpanię filipiny
49%
level 40 port of spain nazwa trynidad i tobago
34%
level 1000 państwo które nie ma dostępu do morza i oceanów ale ma jezioro o nazwie tego kraju. czad
29%
level 101 miasto na zwrotniku raka (stolica czego?) oman
6%
level 500 najmniejsze państwo na świecie hum
0%
level 100 najmniejsza dzielnica w polsce Michałów
0%
level 150 prezydent singapuru od 14 września 2023 roku. tharman shanmugaratnam
0%
Nie znaleziono quizów pasujących do podanych kryteriów
Rozkład punktacji
Procent ludzi z każdym wynikiem
Percentyl według liczby udzielonych odpowiedzi
Twoja historia wyników
Nie rozwiązałeś tego quizu